000 00763nam a2200277Ia 4500
003 OSt
005 20220918170304.0
006 a|||||r|||| 00| 0
007 ta
008 220917b |||||||| |||| 00| 0 eng d
020 _a9780192837134
024 _a226,416
037 _cTextual
040 _aARTS
_cARTS
_beng
041 _2eng
_aeng
082 _aO111,3L64x, M6
100 _aRadcliffe Ann
_914027
245 0 _aThe romance of the forest
260 _aNew York
_bOxford Univ.press USA
_c1986
300 _axxx, 397p
_ccm.
490 _aOxford world's classics
650 _aENGLISH LITERATURE
700 _a Chard Chloe
_928142
942 _hO111,3L64x, M6
_cTEXL
_2CC
999 _c133444
_d133444